00363nam a22001337a 450000500170000000800410001704100120005808200130007010000120008324500400009526000380013530000310017365000250020420240827093815.0240827b |||||||| |||| 00| 0 eng d aEnglish a349 LAW  lEnglish aThe Laws of South West Africa 1945  aWindhoek: bBy Authority, c1944  blxix, 919 pages; c25 cm.  aLegal practice bLaw